Survey on foot and mouth disease of cattle, ou saray and tramkak district, takeo province; អង្កេតជំងឺអ៊ុតក្ដាមគោនៅក្នុងឃុំអូរសារាយ និងឃុំត្រពាំងក្រញូង ស្រុកត្រាំកក់ ខេត្តតាកែវ (Record no. 7542)

000 -LEADER
fixed length control field 00728nam a22001337a 4500
040 ## - CATALOGING SOURCE
Transcribing agency RUA
082 ## - DEWEY DECIMAL CLASSIFICATION NUMBER
Classification number VEM KAO 2014 B459 Or.1
100 ## - MAIN ENTRY--AUTHOR NAME
Personal name KAO SOUNSOKHENG; កៅ សួនសុខហេង
245 ## - TITLE STATEMENT
Title Survey on foot and mouth disease of cattle, ou saray and tramkak district, takeo province; អង្កេតជំងឺអ៊ុតក្ដាមគោនៅក្នុងឃុំអូរសារាយ និងឃុំត្រពាំងក្រញូង ស្រុកត្រាំកក់ ខេត្តតាកែវ
260 ## - PUBLICATION, DISTRIBUTION, ETC. (IMPRINT)
Place of publication Phnom Penh
Name of publisher RUA
Year of publication 2014
300 ## - PHYSICAL DESCRIPTION
Number of Pages ix;32p.
Other physical details ill.
Dimensions 29cm.
856 ## - ELECTRONIC LOCATION AND ACCESS
Uniform Resource Identifier https://drive.google.com/file/d/1Bix_mCHfIJwNmjq3BEBPhURtchVo_Npo/view?usp=sharing
942 ## - ADDED ENTRY ELEMENTS (KOHA)
Koha item type VEM
952 ## - LOCATION AND ITEM INFORMATION (KOHA)
Withdrawn status [LOCAL, KOHA] 0
952 ## - LOCATION AND ITEM INFORMATION (KOHA)
Withdrawn status [LOCAL, KOHA] 0
952 ## - LOCATION AND ITEM INFORMATION (KOHA)
Withdrawn status [LOCAL, KOHA] 0
952 ## - LOCATION AND ITEM INFORMATION (KOHA)
Withdrawn status [LOCAL, KOHA] 0
952 ## - LOCATION AND ITEM INFORMATION (KOHA)
Withdrawn status [LOCAL, KOHA] 0
952 ## - LOCATION AND ITEM INFORMATION (KOHA)
Withdrawn status [LOCAL, KOHA] 0
952 ## - LOCATION AND ITEM INFORMATION (KOHA)
Withdrawn status [LOCAL, KOHA] 0
952 ## - LOCATION AND ITEM INFORMATION (KOHA)
Withdrawn status [LOCAL, KOHA] 0
Holdings
Permanent Location Date acquired Koha item type Lost status Shelving location Barcode Current Location Full call number
Library Block B2016-03-11VEM B459RUA055850Library Block BVEM KAO 2014 B459 Or.1
Library Block B2016-03-11VEM B459RUA055680Library Block BVEM KAO 2014 B459 Or.2
Library Block B2016-03-11VEM B459RUA055988Library Block BVEM KAO 2014 B459 Or.3
Library Block B2016-03-11VEM B459RUA056060Library Block BVEM KAO 2014 B459 Or.4
Library Block B2016-03-11VEM B459RUA056050Library Block BVEM KAO 2014 B459 Or.5
Library Block B2016-03-11VEM B459RUA055933Library Block BVEM KAO 2014 B459 Or.6
Library Block B2016-03-11VEM B459RUA055740Library Block BVEM KAO 2014 B459 Or.7
Library Block B2016-03-11VEM B459RUA055615Library Block BVEM KAO 2014 B459 Or.8
មជ្ឈមណ្ឌលឯការនៃសាកលវិទ្យាល័យភូមិន្ទកសិកម្មចំការដូង

Powered by Koha